000 00818cam a2200181 4500
001 X103557
008 000000n2000 000 0 eng u
035 _a(Sirsi) u103557
245 _aCurrys Group Plc v Martin
260 _c2000
490 _aNew Property Cases
_v [1999] NPC 116
520 _aQBD 28 September 1999. Landlord and tenant. Rent review. Headline rents. Expert not guilty of negligently determining a rent review even although the result is a denial of an open market rent. Expert sought and received counsel's advice. Expert behaved as a reasonably competent valuer would have done. TAKEN FROM JOURNAL HEADNOTE. NO PHOTOCOPYING ALLOWED.
650 _aCURRYS GROUP PLC V MARTIN
650 _aNEGLIGENCE
650 _aOPEN MARKET RENTS
690 _aLANDLORD AND TENANT-RENT REVIEWS
942 _n0
999 _c62204
_d62204